A vinha e o vinho de Carcavelos (Registo nº 200748)
[ vista simples ]
| 000 -Etiqueta do registo | |
|---|---|
| Valores | 00869nam 22002293 4500 |
| 010 ## - Número ISBN | |
| ISBN | 978-972-637-175-5 |
| 021 ## - Número do Depósito Legal | |
| Código do país | Portugal |
| Número | 268629/07 |
| 100 ## - Dados gerais de processamento | |
| Dados gerais | 20260225d u||y0pory50 ba |
| 200 ## - Titulo e menção de responsabilidade | |
| Título próprio | A vinha e o vinho de Carcavelos |
| Primeira menção de responsabilidade | coordenação António Carvalho, Carla Varela Fernandes , textos Ana Duarte Baptista Pereira |
| Outras menções de responsabilidade | fotografias António Caldeira Cabral... [et al.] |
| Informação de outro título | contributos para o seu estudo |
| 210 ## - Publicação | |
| Local de publicação | Cascais |
| Nome do editor | Câmara Municipal de Cascais |
| Data de publicação | 2007 |
| 215 ## - Descrição física | |
| Paginação / Volumes | 199 p. |
| Outras indicações físicas | il. ; brochado |
| Dimensões | 28 cm |
| 606 ## - Nome comum usado como assunto | |
| ID Autoridade | 8086 |
| Palavra de ordem | Vinhos. Produção de vinhos. Enologia |
| 675 ## - CDU | |
| Notação | 663.2 |
| Edição | PT |
| Língua | por |
| 701 ## - Co-autor principal (pessoa individual) | |
| ID Autoridade | 16502 |
| Apelido | Carvalho |
| Nome | António |
| 702 ## - Autor secundário (pessoa individual) | |
| ID Autoridade | 16504 |
| Apelido | Varela |
| Nome | Carla |
| 702 ## - Autor secundário (pessoa individual) | |
| ID Autoridade | 16505 |
| Apelido | Pereira |
| Nome | Ana Duarte Baptista |
| 702 ## - Autor secundário (pessoa individual) | |
| ID Autoridade | 16506 |
| Apelido | Cabral |
| Nome | António Caldeira |
| 801 ## - Fonte de origem | |
| País | PT |
| Agência | BMMN |
| Regras de catalogação | RPC |
| 830 ## - Notas gerais do catalogador | |
| Criado por | Vanda |
| 990 ## - Elementos KOHA | |
| Tipo de documento | Livro |
| Situação do levantamento | Biblioteca de origem | Código de barras | Cota | Permissão de empréstimo | Tipo de documento | Forma de aquisição |
|---|---|---|---|---|---|---|
| Biblioteca Municipal de Montemor-o-Novo | 29982 | 663.2 PER|DEP | Livro | Compra |